| 000 | 00499nam a22001697a 4500 | ||
|---|---|---|---|
| 003 | OSt | ||
| 005 | 20160218115332.0 | ||
| 008 | 160218b xxu||||| |||| 00| 0 eng d | ||
| 020 | _a0131053965 | ||
| 040 | _cRongo University | ||
| 050 | _aHF5415.13 .E26 1990 | ||
| 100 | _aECKLES ROBERT W | ||
| 245 |
_aBUSINESS MARKETING MANAGEMENT _bmarketing of business products and services |
||
| 260 |
_aENGLEWOOD CLIFFS,NEW JERSY _bPRENTICE HALL _c1990 |
||
| 300 |
_axxiv,448p _bill _c24cm |
||
| 942 |
_2lcc _cBK |
||
| 999 |
_c252443 _d252442 |
||